Países mais próximos de Antígua e Barbuda - Statistics

Estatísticas Gerais
  • Esse quiz foi jogado 24 vezes
  • A pontuação média é 16 de 20
Estatísticas das Respostas
km país % Correto
1317 Cuba
100%
1230 Bahamas
95%
467 Barbados
95%
944 Haiti
95%
1414 Jamaica
95%
688 República Dominicana
95%
333 Santa Lúcia
95%
642 Trinidad e Tobago
95%
68 São Cristóvão e Nevis
91%
409 São Vicente e Granadinas
91%
1318 Brasil
86%
1134 Colômbia
86%
154 Dominica
86%
500 Granada
86%
966 Guiana
86%
1338 Suriname
86%
696 Venezuela
86%
923 Curaçao
27%
998 Aruba
18%
126 Sint Maarten
0%
Nenhum quiz correspondente encontrado
Distribuição das Pontuações
Porcentagem de Pessoas com Cada Pontuação
Percentil de Números Respondidos
Sua Pontuação Histórica
Você não jogou esse quiz